| 000 | 01096nam a22002897a 4500 | ||
|---|---|---|---|
| 005 | 20201128021114.0 | ||
| 008 | 141028t2006 xxua frb 001 0 eng d | ||
| 020 | _a9780131482128 | ||
| 020 | _a0131482122 | ||
| 040 | _aEG-ScBUE | ||
| 082 | 0 | 0 |
_222 _a660.29 _bWIL |
| 100 | 1 |
_aWilkes, James O. _936352 |
|
| 245 | 1 | 0 |
_aFluid mechanics for chemical engineers with Microfluidics and CFD / _cJames O. Wilkes ; with contributions by Stacy G. Birmingham ... [et al.] |
| 250 | _a2nd ed. | ||
| 260 |
_aUpper Saddle River, United States : _bPrentice Hall Professional Technical Reference, _cc.2006. |
||
| 300 |
_axvii, 755 p. : _bill. ; _c24 cm. |
||
| 490 | 0 | _aPrentice-Hall international series in the physical and chemical engineering sciences | |
| 500 | _aIncludes appendixes. | ||
| 500 | _aIndex : p. 753-752. | ||
| 504 | _aIncludes bibliographical references. | ||
| 650 | 0 |
_aChemical processes _95532 |
|
| 650 | 0 |
_9878 _aFluid dynamics |
|
| 653 |
_bENGCHE _cOctober2014 |
||
| 655 |
_vreading book _934232 |
||
| 700 | 1 |
_aBirmingham, Stacy G. _econtributor. _936361 |
|
| 942 |
_2ddc _k660.29 WIL |
||
| 999 |
_c18513 _d18485 |
||